| 000 | 01265nam a22002897a 4500 | ||
|---|---|---|---|
| 005 | 20110721144156.0 | ||
| 010 | _aB-426476-477 | ||
| 020 |
_a817824196x _c795.00 |
||
| 020 |
_a9788178241968 _c795.00 |
||
| 035 | _aB-426476-477 | ||
| 037 | _bDBAD/PUB | ||
| 037 | _bRBC/Ven | ||
| 082 | _a070.50954 | ||
| 100 |
_aStark,Ulrike _91314 |
||
| 245 |
_aAn empire of books: _bthe Naval Kishore Press and the diffusion of the printed word in colonial India / _cby Ulrike Stark |
||
| 260 |
_aRanikhet _bPermanent Black _c2007c |
||
| 270 |
_aHimalayana Mall Road Ranikhet Cantt _bRanikhet _e263645 |
||
| 300 |
_axx,586p _c21cm(Hb) |
||
| 500 | _aincludes index | ||
| 650 |
_aHindi Imprints _929830 |
||
| 650 |
_aNaval Kishore press _929831 |
||
| 650 |
_aPublishers and publishing _929832 |
||
| 942 |
_2ddc _cEN _h070.50954 _mSTA |
||
| 999 |
_c54172 _d54172 |
||